Teeth of toto (KHMER) / (Record no. 48867)
| 000 -LEADER | |
|---|---|
| fixed length control field | 00336nam a2200121 4500 |
| 020 ## - INTERNATIONAL STANDARD BOOK NUMBER | |
| International Standard Book Number | 9789924999201 |
| 100 ## - MAIN ENTRY--PERSONAL NAME | |
| Personal name | Kol, Seab |
| 9 (RLIN) | 86255 |
| 245 ## - TITLE STATEMENT | |
| Title | Teeth of toto (KHMER) / |
| Statement of responsibility, etc | Kol Seab & Yom Loychoy |
| 260 ## - PUBLICATION, DISTRIBUTION, ETC. (IMPRINT) | |
| Place of publication, distribution, etc | Cambodia |
| Name of publisher, distributor, etc | S.J. Metta Karuna |
| Date of publication, distribution, etc | 2024 |
| 300 ## - PHYSICAL DESCRIPTION | |
| Extent | 22 p. |
| Other physical details | col. ill. |
| Dimensions | 22 cm. |
| 650 ## - SUBJECT ADDED ENTRY--TOPICAL TERM | |
| Topical term or geographic name as entry element | Khmer Fiction |
| 9 (RLIN) | 80279 |
| 942 ## - ADDED ENTRY ELEMENTS (KOHA) | |
| Source of classification or shelving scheme | |
| Koha item type | Book |
| Withdrawn status | Lost status | Source of classification or shelving scheme | Damaged status | Not for loan | Collection code | Home library | Current library | Date acquired | Total Checkouts | Full call number | Barcode | Date last seen | Date checked out | Price effective from | Koha item type |
|---|---|---|---|---|---|---|---|---|---|---|---|---|---|---|---|
| Siem Riep | Asian Hope Early Years Library | Asian Hope Early Years Library | 05/21/2025 | 9 | KHMER E KOL | 208022 | 04/01/2026 | 03/25/2026 | 05/21/2025 | Book | |||||
| Siem Riep | Asian Hope Primary Library | Asian Hope Primary Library | 04/23/2025 | 9 | KHMER E KOL | 207843 | 12/09/2025 | 12/02/2025 | 04/23/2025 | Book | |||||
| Siem Riep | Asian Hope Primary Library | Asian Hope Primary Library | 05/01/2025 | 15 | KHMER E KOL | 207828 | 04/02/2026 | 03/26/2026 | 05/01/2025 | Book |